000 00330 a2200157 4500
001 190962
020 _a978-85-360-1093-9
040 _cMagnum
100 _aRiter, Caio
240 1 0 _aA visão do pavão
_lpor
245 1 0 _aA visão do pavão
300 _a16
362 0 _a2011
697 _aLITERATURA INFANTO
942 _cBK
999 _c190962
_d190962